000 00736nam a2200217 a 4500
001 22910
003 CO-ViMGA
008 141112s2004 ck r 000 u spa d
020 _a9789706131478
040 _aCO-ViMGA
_bspa
_cCO-ViMGA
082 0 4 _a530.1 R413f
100 1 _aRibeiro de la Luz, Antonio
_932876
245 1 0 _aFisica general
250 _a4a Ed.
260 _aMéxico :
_bOxford
300 _a1120p.
505 _aCifras significativas, Funciones y graficas, Cinematico, Vectores, Leyes de Newton, Gravitacion universal, Leyes de conservacion, Temperatura dilatacion, Comportamiento de los gases
650 1 4 _aFISICA - ENSEÑANZA
_916929
650 1 4 _aFISICA - PROBLEMAS, EJERCICIOS, ETC
_916930
942 _2ddc
_cBK
999 _c31201
_d31201